000 00674nam a2200181 4500
001 143069
003 ES-MaACL
005 20230906200719.0
007 t|
008 070214s1958 sp r ||||1| spa d
100 1 _aSelf, Peter.
_9105300
245 1 4 _aLos problemas del crecimiento urbano y su tratamiento actual en Gran Bretaña /
_cPeter Self ; traducción y prólogo de Manuel Pérez Olea.
260 _aMadrid :
_bInstituto de Estudios Políticos,
_c1958 (
_fGonzález)
300 _a285 p., 16 lám. :
_bil. ;
_c21 cm.
700 1 _aPérez Olea, Manuel.
_991056
710 2 _aInstituto de Estudios Políticos (Madrid)
_94924
852 _aES-MaACL
_jC-16986
_bR.45125
999 _c143069
_d143069